A textbook of medical jurisprudence and toxicology / (Record no. 158386)

MARC details
000 -LEADER
fixed length control field 00704nam a22002177a 4500
005 - DATE AND TIME OF LATEST TRANSACTION
control field 20181029104253.0
010 ## - LCCN (DPL NO)
LC control number ENG-124390
020 ## - INTERNATIONAL STANDARD BOOK NUMBER
Terms of availability 2750.00
International Standard Book Number 9789386515438
035 ## - SYSTEM CONTROL NUMBER
System control number EN-107922
037 ## - SOURCE OF ACQUISITION
Source of stock number/acquisition DBAD/PUB
082 ## - DEWEY DECIMAL CLASSIFICATION NUMBER
Classification number 614.1
100 ## - MAIN ENTRY--PERSONAL NAME
Personal name Modi, Jaising P.
245 ## - TITLE STATEMENT
Title A textbook of medical jurisprudence and toxicology /
Statement of responsibility, etc by Jaising P. Modi; ed. by K Kannan
250 ## - EDITION STATEMENT
Edition statement 26th ed.
260 ## - PUBLICATION, DISTRIBUTION, ETC. (IMPRINT)
Place of publication, distribution, etc Gurgaon
Name of publisher, distributor, etc Lexis Nexis
Date of publication, distribution, etc 2018
270 ## - ADDRESS
Address 14th floor,Building No-10, Tower-B,DLF Cyber City Phase-11
City Gurgaon
Postal code 122002
300 ## - PHYSICAL DESCRIPTION
Extent cxxxvi,1093p., 418p.
Dimensions 24cm(Hb)
Other physical details ill.
500 ## - GENERAL NOTE
General note It includes subject index
700 ## - ADDED ENTRY--PERSONAL NAME
Personal name Kannan, K
942 ## - ADDED ENTRY ELEMENTS (KOHA)
Source of classification or shelving scheme Dewey Decimal Classification
Item type English Books
Call number suffix MOD
Classification part 614.1
Holdings
Withdrawn status Lost status Not for loan Collection code Home library Current library Date acquired Source of acquisition Cost, normal purchase price Full call number Barcode Copy number Cost, replacement price Koha item type
    Not For Loan Non-fiction D.B.Act.Division Bawana 29/10/2018 DBAD/PUB 2750.00 614.1 MOD EN-107922 1 2750.00 English Books

© Delhi Public Library
Hit Counter
free hit counter